Normal view
MARC view
Entry Uniform Title
001 - CONTROL NUMBER
- control field: 39108
003 - CONTROL NUMBER IDENTIFIER
- control field: dpl
005 - DATE AND TIME OF LATEST TRANSACTION
- control field: 20120112160940.0
008 - FIXED-LENGTH DATA ELEMENTS
- fixed length control field: 120112|||a|||||| | ||| d
040 ## - CATALOGING SOURCE
- Original cataloging agency: dpl
- Transcribing agency: dpl
130 ## - HEADING--UNIFORM TITLE
- Uniform title: MySQL (Electronic resource)
670 ## - SOURCE DATA FOUND
- Source citation: Work cat.: (dpl): McLaughlin, Michael 39106, Oracle database 11g & MySQL 5.6 developer handbook / , 2011
670 ## - SOURCE DATA FOUND
- Source citation: Work cat.: (dpl): McLaughlin, Michael 39106, Oracle database 11g & MySQL 5.6 developer handbook / , 2011
